Welches Land passt nicht dazu? - Klick Quiz - Statistiken

Allgemein
  • Dieses Quiz wurde 4.766 mal gespielt
  • Das Durchschnittsergebnis liegt bei 84 aus 135
Antwortstatistiken
Frage Kachel Select % Korrekt
Länder mit der Größten Bevölkerung Brasilien Nein
90%
Länder mit der Größten Bevölkerung China Nein
89%
Länder mit der Größten Bevölkerung Indien Nein
89%
Länder mit der Größten Bevölkerung Indonesien Nein
88%
Länder mit der Größten Bevölkerung Vereinigte Staaten Nein
88%
Länder mit der Größten Bevölkerung Pakistan Nein
87%
Länder mit der Größten Bevölkerung Nigeria Nein
86%
Länder mit der Größten Bevölkerung Bangladesch Nein
84%
Länder mit Gelber Farbe auf der Flagge Guyana Nein
83%
Inselstaaten Madagaskar Nein
81%
Inselstaaten Mauritius Nein
81%
Inselstaaten Neuseeland Nein
81%
Inselstaaten Sri Lanka Nein
81%
Größte Länder Brasilien Nein
80%
Länder mit Gelber Farbe auf der Flagge Burkina Faso Nein
80%
Größte Länder China Nein
80%
Inselstaaten Island Nein
80%
Inselstaaten Kap Verde Nein
80%
Länder mit Gelber Farbe auf der Flagge Kirgisistan Nein
80%
Länder mit Gelber Farbe auf der Flagge Myanmar Nein
80%
Länder mit Gelber Farbe auf der Flagge Südafrika Nein
80%
Länder mit Gelber Farbe auf der Flagge Tuvalu Nein
80%
Größte Länder Australien Nein
79%
Länder mit Gelber Farbe auf der Flagge Bosnien und Herzegowina Nein
79%
Größte Länder Kanada Nein
79%
Größte Länder Vereinigte Staaten Nein
79%
Größte Länder Indien Nein
78%
Größte Länder Russland Nein
78%
Inselstaaten Bahrain Nein
74%
Muslimische Länder Tunesien Nein
74%
Binnenstaaten Bolivien Nein
73%
Binnenstaaten Moldawien Nein
73%
Nachbarländer Russlands Mongolei Nein
73%
Muslimische Länder Pakistan Nein
73%
Binnenstaaten Simbabwe Nein
73%
Binnenstaaten Afghanistan Nein
72%
Nachbarländer Russlands Belarus Nein
72%
Nachbarländer Russlands Georgien Nein
72%
Nachbarländer Russlands Litauen Nein
72%
Binnenstaaten Nordmazedonien Nein
72%
Muslimische Länder Indonesien Nein
71%
Muslimische Länder Kirgisistan Nein
71%
Nachbarländer Russlands Aserbaidschan Nein
70%
Binnenstaaten Äthiopien Nein
70%
Länder der EU Estland Nein
70%
Binnenstaaten Laos Nein
70%
Länder der EU Luxemburg Nein
70%
Muslimische Länder Malediven Nein
70%
Nachbarländer Russlands Nordkorea Nein
70%
Binnenstaaten Österreich Nein
70%
Länder der EU Kroatien Nein
69%
Inselstaaten Singapur Nein
69%
Länder mit der Größten Bevölkerung Australien Ja
68%
Muslimische Länder Bangladesch Nein
68%
Länder der EU Irland Nein
68%
Länder der EU Malta Nein
68%
Nachbarländer Russlands Polen Nein
68%
Länder mit Hauptstädten mit dem Anfangsbuchstaben D Bangladesch Nein
67%
Länder der EU Finnland Nein
67%
Muslimische Länder Guinea Nein
67%
Länder mit Hauptstädten mit dem Anfangsbuchstaben D Irland Nein
67%
Länder mit Hauptstädten mit dem Anfangsbuchstaben D Senegal Nein
67%
Länder mit Hauptstädten mit dem Anfangsbuchstaben D Syrien Nein
67%
Länder der EU Bulgarien Nein
66%
Nachbarländer Russlands Norwegen Nein
66%
Muslimische Länder Kosovo Nein
65%
Länder ohne Flüsse Oman Nein
65%
Länder mit Hauptstädten mit dem Anfangsbuchstaben D Tadschikistan Nein
65%
Länder mit Hauptstädten mit dem Anfangsbuchstaben D Tansania Nein
65%
Spanisch sprechende Länder Costa Rica Nein
64%
Spanisch sprechende Länder El Salvador Nein
64%
Länder mit Hauptstädten mit dem Anfangsbuchstaben D Katar Nein
64%
Länder ohne Flüsse Komoren Nein
64%
Spanisch sprechende Länder Kuba Nein
64%
Länder ohne Flüsse Kuwait Nein
64%
Spanisch sprechende Länder Bolivien Nein
63%
Länder mit Hauptstädten mit dem Anfangsbuchstaben D Osttimor Nein
63%
Spanisch sprechende Länder Panama Nein
63%
Spanisch sprechende Länder Paraguay Nein
63%
Länder ohne Flüsse Vereinigte Arabische Emirate Nein
63%
Spanisch sprechende Länder Dominikanische Republik Nein
62%
Länder ohne Flüsse Nauru Nein
62%
Länder ohne Flüsse Malta Nein
61%
Länder ohne Flüsse Saudi-Arabien Nein
60%
Länder auf der Südhalbkugel Tuvalu Nein
60%
Länder auf der Südhalbkugel Namibia Nein
59%
Länder auf der Südhalbkugel Papua-Neuguinea Nein
59%
Länder auf der Südhalbkugel Fidschi Nein
58%
Länder auf der Südhalbkugel Komoren Nein
58%
Inselstaaten Katar Ja
57%
Höchste BIP pro Kopf Schweiz Nein
56%
Höchste BIP pro Kopf Singapur Nein
56%
Länder auf der Südhalbkugel Bolivien Nein
55%
Höchste BIP pro Kopf Katar Nein
55%
Länder auf der Südhalbkugel Osttimor Nein
55%
Höchste BIP pro Kopf Liechtenstein Nein
54%
Höchste BIP pro Kopf Luxemburg Nein
54%
Höchste BIP pro Kopf Monaco Nein
54%
Länder auf der Südhalbkugel Ruanda Nein
54%
Nachbarländer Russlands Schweden Ja
54%
Länder ohne Flüsse Monaco Nein
53%
Höchste BIP pro Kopf Vereinigte Arabische Emirate Nein
53%
Länder der EU Zypern Nein
53%
Höchste durchschnittliche Höhe nach Meeresspiegel Kirgisistan Nein
52%
Höchste durchschnittliche Höhe nach Meeresspiegel Tadschikistan Nein
52%
Höchste durchschnittliche Höhe nach Meeresspiegel Andorra Nein
51%
Höchste durchschnittliche Höhe nach Meeresspiegel Bhutan Nein
51%
Höchste durchschnittliche Höhe nach Meeresspiegel Afghanistan Nein
50%
Größte Länder Argentinien Nein
48%
Höchste durchschnittliche Höhe nach Meeresspiegel Liechtenstein Nein
47%
Länder mit Gelber Farbe auf der Flagge Mexiko Nein
47%
Höchste durchschnittliche Höhe nach Meeresspiegel Nepal Nein
47%
Binnenstaaten Bosnien und Herzegowina Ja
45%
Höchste durchschnittliche Höhe nach Meeresspiegel Lesotho Nein
45%
Niedrigste Bevölkerungsdichte Mauretanien Nein
45%
Niedrigste Bevölkerungsdichte Australien Nein
44%
Niedrigste Bevölkerungsdichte Kanada Nein
44%
Spanisch sprechende Länder Äquatorial-Guinea Nein
43%
Niedrigste Bevölkerungsdichte Namibia Nein
43%
Niedrigste Bevölkerungsdichte Botswana Nein
42%
Niedrigste Bevölkerungsdichte Island Nein
42%
Niedrigste Bevölkerungsdichte Libyen Nein
42%
Niedrigste Bevölkerungsdichte Mongolei Nein
42%
Höchste BIP pro Kopf Irland Nein
41%
Größte Länder Mexiko Ja
39%
Länder mit Hauptstädten mit dem Anfangsbuchstaben D Vereinigte Arabische Emirate Ja
39%
Länder der EU Andorra Ja
34%
Spanisch sprechende Länder Jamaika Ja
34%
Muslimische Länder Armenien Ja
33%
Länder auf der Südhalbkugel Sri Lanka Ja
33%
Länder ohne Flüsse Jordanien Ja
21%
Länder mit Gelber Farbe auf der Flagge Burundi Ja
19%
Höchste durchschnittliche Höhe nach Meeresspiegel Norwegen Ja
19%
Höchste BIP pro Kopf Japan Ja
18%
Niedrigste Bevölkerungsdichte Madagaskar Ja
13%
Keine übereinstimmenden Quizze gefunden
Verteilung der Resultate
Anzahl Personen mit jedem Resultat
Perzentil nach korrekt beantworteten Fragen
Ihre Resultats-Entwicklung
Sie haben dieses Quiz noch nicht gespielt